000 00612nam a22001937a 4500
005 20170821112359.0
010 _aENG-119727
020 _a9788192253008
_c400.00
035 _aEN-103259
037 _bDBAD/PUB
082 _a620.31
100 _aKaleeswaran, Mc.
245 _aNext what ? -Stairs /
_cby Mc. Kaleeswaran
260 _aChennai
_bUnique Media Integrators
_c2011
270 _aNo. 31/14, "'BAJAJ MANOR'' Flat No. 1A, First Floor, College Road, (opp to DP) Nungambakkam,
_bChennai
_e600006
300 _a281p.
_c21cm(pbk)
505 _avol.1
942 _2ddc
_cEN
_h620.31
_mKAL
999 _c143580
_d143580